| 000 | 00770 a2200169 4500 | ||
|---|---|---|---|
| 003 | Nust | ||
| 005 | 20221129160642.0 | ||
| 040 | _cNust | ||
| 082 | _a621.3815,HAM | ||
| 100 |
_aHamilton ,T.D.S. _975386 |
||
| 245 |
_aHandbook of linear Integrated electronics for research / _cT.D.S. Hamilton |
||
| 260 |
_aLondon _bMcGraw-Hill _c 1983 |
||
| 300 | _aix,429 p. | ||
| 505 | _aReview of Basic Circuit Theory (Page-1), Operational Amplifiers (Page-68), Stability of Feedback Systems (Page-120), Amplifiers (Page-143), Oscillators (Page-229), Circuits Functions (Page-260), Power Supplies (Page-297), Circuit Devices (Page-342), Optoelectronics (Page-375), Signal Detection (Page-419), Applications (Page-436). | ||
| 650 | _aTelecommunication engineering | ||
| 942 |
_2ddc _cBK |
||
| 999 |
_c194245 _d194245 |
||